The Office Logic Puzzle Quiz Stats

 Plays Quiz not verified by Sporcle

Score 0/25 Timer 11:00
76 Plays Today
Box Character/Clue % Correct
C3






???
100%
E5






???
72.7%
A1






???
69.4%
B3






???
61.1%
B5






???
59.3%
C5






???
54.2%
D2






???
54.1%
B1






???
53.7%
E3






???
51.6%
B2






???
43.2%
E1






???
38.1%
D1






???
36.5%
A2






???
35.2%
Box Character/Clue % Correct
A4






???
33.6%
E2






???
33.4%
C1






???
32.5%
A3






???
31.9%
C2






???
28.8%
A5






???
27.9%
D5






???
25.1%
C4






???
23.4%
B4






???
22.1%
D3






???
15.6%
E4






???
13%
D4






???
9.7%

You're not logged in!

Compare scores with friends on all Sporcle quizzes.
OR
Log In

Show Comments

Extras

Top Quizzes Today


Score Distribution

Your Account Isn't Verified!

In order to create a playlist on Sporcle, you need to verify the email address you used during registration. Go to your Sporcle Settings to finish the process.

Report this User

Report this user for behavior that violates our Community Guidelines.

Details: